000 00718nam a2200265Ia 4500
003 OSt
005 20220924113043.0
006 a|||||r|||| 00| 0
007 ta
008 220923b |||||||| |||| 00| 0 eng d
020 _a0890031002
024 _a54840
037 _cDictionary
040 _aARTS
_cARTS
_beng
041 _2eng
_aeng
082 _aP111:4k, M2(RR)
100 _aKaye Alan S
_9169385
245 0 _aDictionary of Nigerian Arabic
260 _aMalibu
_bUndena Publication
_c1982
300 _axvi,92p.
_ccm.
490 _aBibliotheca Afroasiatica ; V1
650 _aLINGUISTICS
942 _hP111:4k, M2(RR)
_cdic
_2cc
999 _c389090
_d389090